ABC of Clinical Haemotology. (Record no. 4477)
[ view plain ]
| 000 -LEADER | |
|---|---|
| fixed length control field | 00529nam a22002057a 4500 |
| 003 - CONTROL NUMBER IDENTIFIER | |
| control field | OSt |
| 005 - DATE AND TIME OF LATEST TRANSACTION | |
| control field | 20160627134146.0 |
| 008 - FIXED-LENGTH DATA ELEMENTS--GENERAL INFORMATION | |
| fixed length control field | 160627b xxu||||| |||| 00| 0 eng d |
| 020 ## - INTERNATIONAL STANDARD BOOK NUMBER | |
| International Standard Book Number | 9781405153539 |
| 040 ## - CATALOGING SOURCE | |
| Transcribing agency | DNLM. |
| 082 ## - DEWEY DECIMAL CLASSIFICATION NUMBER | |
| Classification number | WH100A134d 2007. |
| 100 ## - MAIN ENTRY--PERSONAL NAME | |
| Personal name | Drew,provan; |
| 9 (RLIN) | 9614 |
| 245 ## - TITLE STATEMENT | |
| Title | ABC of Clinical Haemotology. |
| 250 ## - EDITION STATEMENT | |
| Edition statement | 3rd ed. |
| 260 ## - PUBLICATION, DISTRIBUTION, ETC. (IMPRINT) | |
| Place of publication, distribution, etc. | London. |
| Name of publisher, distributor, etc. | Blackwell,Publishing. |
| Date of publication, distribution, etc. | 2007. |
| 300 ## - PHYSICAL DESCRIPTION | |
| Extent | ix,99p; |
| Other physical details | col,ill; |
| Dimensions | 29cm. |
| 504 ## - BIBLIOGRAPHY, ETC. NOTE | |
| Bibliography, etc | includes index. |
| 650 ## - SUBJECT ADDED ENTRY--TOPICAL TERM | |
| Topical term or geographic name as entry element | Biochemistry. |
| 9 (RLIN) | 443 |
| 942 ## - ADDED ENTRY ELEMENTS (KOHA) | |
| Source of classification or shelving scheme | Other/Generic Classification Scheme |
| Koha item type | Open Shelf |
| Withdrawn status | Lost status | Source of classification or shelving scheme | Damaged status | Not for loan | Home library | Current library | Date acquired | Source of acquisition | Inventory number | Total Checkouts | Full call number | Barcode | Date last seen | Price effective from | Koha item type |
|---|---|---|---|---|---|---|---|---|---|---|---|---|---|---|---|
| Other/Generic Classification Scheme | MUST Main Library | MUST Main Library | 27/06/2016 | 12/35818 | WH100A134d 2007. | 2016-2724 | 27/06/2016 | 27/06/2016 | Open Shelf |
